000 00427nam a2200181Ia 4500
001 16335
005 20260306170302.0
008 260306t1991||||xx |||||||||||||| ||und||
041 _aESP
082 _a348.31
_bP48
100 _aPetroPerú
_eAUT
245 0 _aContratos de servicios petroleros con riesgo
260 _c1991
300 _a135 páginas :
_c
650 _aGEN
654 _aCDE
942 _cLIB
_dJUS
_fJUS
_2ddc
_n
999 _c16335
_d16335